|
|
|
|
| LEADER |
00000nab a2200000 a 4500 |
| 001 |
vtls000148588 |
| 003 |
SK-MaSNL |
| 005 |
20260304071537.0 |
| 008 |
250422c1982 xo 0 slo |
| 015 |
|
|
|a SNBRB19rr/mm-uuuuu
|
| 035 |
|
|
|a CL0158695
|
| 035 |
|
|
|a urn:nbn:sk:snk-ab6qx0
|
| 035 |
|
|
|a (uuid)0fdcffad-4842-494d-bc18-1b3177bba88f
|
| 035 |
|
|
|a (urnnbn)urn:nbn:sk:snk:ar-a059ng
|
| 035 |
|
|
|a (sysno)vtls000148588
|
| 040 |
|
|
|a SNKBUCL
|b slo
|c SNKBUCL
|e AACR2
|
| 041 |
0 |
|
|a slo
|
| 044 |
|
|
|a xo
|c SK
|
| 080 |
|
|
|a 330.131.5
|2 1981
|
| 100 |
1 |
|
|a Tomčík, Pavol
|4 aut
|9 365653
|
| 245 |
1 |
0 |
|a Efekty a efektívnosť (metodické východiská k ich meraniu na rôznych úrovniach)
|c Pavol Tomčík
|
| 300 |
|
|
|b Res. ru., angl., lit. 11 zázn. v slov., nem.
|
| 650 |
0 |
7 |
|a efektívnosť národohospodárska
|2 snkbucl
|9 1341913
|
| 650 |
0 |
7 |
|a práca
|x efektívnosť národohospodárska
|x efekty
|x meranie
|2 snkbucl
|9 1358786
|
| 655 |
|
7 |
|a články z novín a časopisov
|2 snkbucl
|9 267496
|
| 773 |
0 |
|
|t Ekonomický časopis
|g Roč. 30, č. 8 (1982), s. 706-720
|
| 850 |
|
|
|a Slovenská národná knižnica
|
| 852 |
|
|
|a Slovenská národná knižnica
|
| 954 |
|
|
|a odborná, vedecká literatúra pôvodná (slovenská)
|2 lita
|
| 958 |
|
|
|a article27
|
| 958 |
|
|
|a NB
|
| 958 |
|
|
|a RK
|
| 958 |
|
|
|a OND
|
| 958 |
|
|
|a EUIPO
|
| 992 |
|
|
|a RBX
|
| 999 |
|
|
|c 2760913
|d 2762843
|